000 00656nam a2200253Ia 4500
003 OSt
005 20221005043711.0
006 a|||||r|||| 00| 0
007 ta
008 221004b |||||||| |||| 00| 0 eng d
020 _a8187226935
024 _a78284
037 _cTextual
040 _aCRL
_cCRL
_beng
041 _2eng
_aeng
082 _aNS(Y:351).2, P4
100 _aNarayan Shovana
245 0 _aFolk dance traditions of India
260 _aGurgaon
_bShubhi Publication India
_c2004
300 _a264p.
_ccm.
650 _aARTS
942 _hNS(Y:351).2, P4
_cTEXL
_2cc
999 _c952284
_d952284